|
|
|
|
| LEADER |
00553nam a2200145Ia 4500 |
| 001 |
25349 |
| 008 |
170722s9999 xx 000 0 und d |
| 100 |
|
|
|a Coulter, John Merle
|
| 245 |
|
|
|a Morphology of angiosperms /
|
| 260 |
|
|
|c 1965.
|
| 700 |
|
|
|a Chamberlain, Charles Joseph
|
| 942 |
|
|
|c GEN
|
| 999 |
|
|
|c 65657
|d 65657
|
| 952 |
|
|
|0 0
|1 0
|4 0
|6 I_52_K5K51
|7 0
|9 93303
|a LIB
|b LIB
|d 2017-08-12
|l 1
|o I5:2 K5-K5;1
|p 105928
|r 2019-11-08
|s 2019-10-03
|w 2017-08-12
|y GEN
|
| 952 |
|
|
|0 0
|1 0
|4 0
|6 I_52_K5K51
|7 0
|8 CR
|9 93304
|a LIB
|b LIB
|d 2017-08-12
|h CR
|o I5:2 K5-K5;1
|p 135829
|r 2017-08-12
|w 2017-08-12
|y GEN
|